Histórias do ribeiro (Registo nº 3915)

Detalhes MARC
000 -Etiqueta do registo
Cabeçalho 00611nam a2200217 i 4500
005 - Identificador da versão
Campo de controlo 20240813122048.0
100 ## - Dados gerais de processamento
Dados gerais de processamento 20170518d1977 d y0pory5003 ba
102 ## - Pais de publicação ou produção
País de publicação Portugal
101 0# - Língua de publicação
Língua do texto, banda sonora, etc. Português
215 ## - Descrição física 
Indicação específica da natureza do documento e extensão da espécie [44] p.
Outras indicações físicas fot.
200 1# - Titulo e menção de responsabilidade
Título próprio Histórias do ribeiro
Primeira menção de responsabilidade Maria Cecília Correia
205 ## - Menção da edição
Menção da edição 2ª ed.
210 ## - Publicação, Distribuição, etc. 
Lugar da edição, distribuição, etc. Lisboa
Nome do editor, distribuidor, etc. M. C. Correia
Data da publicação, distribuição, etc. [1977]
Data da impressão imp. 1977
606 ## - Nome comum usado como assunto
Número de registo de entrada de autoridade 0001335
Palavra de ordem Literatura portuguesa
Subdivisão de assunto Conto
Código do sistema CA
675 ## - Classificação Decimal Universal (CDU)
Notação 821.134.3-34
Edição 3ª ed.
Língua da edição por
700 #1 - Nome de autor-pessoa física (responsabilidade principal)
Número de registo de entrada de autoridade 0001893
Palavra de ordem Correia
Outra parte do nome não tomada para palavra de ordem Maria Cecília
Datas 1919-1993
966 ## - Identificação da Biblioteca
Sigla EBVEN
942 ## - Elementos de entrada adicionados (Koha)
Tipo de item no Koha Livro
Exemplares
Situação do levantamento Origin of item (home branch) (coded) Biblioteca de empréstimo Código de barras Cota Circulation type (not for loan) Tipo de documento Nota do exemplar Damaged status
  Biblioteca Escolar das Vendas Biblioteca Escolar das Vendas BEV259 8POR COR   Livro Sem mensagem